Manažment zmien v podniku bakalárska práca

Gespeichert in:
Bibliographische Detailangaben
1. Verfasser: Tomašovičová, Tereza
Körperschaft: Fakulta podnikového manažmentu EU. Katedra manažmentu
Weitere Verfasser: Papulová, Emília
Format: Buch
Sprache:Slowakisch
Veröffentlicht: Bratislava 2016
Tags: Tag hinzufügen
Keine Tags, Fügen Sie das erste Tag hinzu!

MARC

LEADER 00000nbm a2200000 4500
001 0218373
005 20170222133032.2
041 0 |a slo 
044 |a SK 
245 1 0 |a Manažment zmien v podniku  |b bakalárska práca  |c Tereza Tomašovičová ; školiteľ: Emília Papulová 
264 1 |a Bratislava  |c 2016 
300 |a 72 s. 
100 1 |a Tomašovičová, Tereza 
700 1 |a Papulová, Emília 
710 2 |a Fakulta podnikového manažmentu EU. Katedra manažmentu